Statistics for All European Countries Ever Existed

Click here to take the quiz!

General Stats

  • This quiz has been taken 59 times
    (38 since last reset)
  • The average score is 55 of 102

Answer Stats

Country% Correct
France
100%
United Kingdom
97%
Austria
90%
Austria-Hungary
90%
Ireland
90%
Roman Empire
90%
Croatia
87%
Denmark
87%
Greece
87%
Iceland
87%
Italy
87%
Spain
87%
Albania
84%
Andorra
84%
Bosnia
84%
Estonia
84%
Germany
84%
Hungary
84%
Kosovo
84%
Latvia
84%
Norway
84%
Portugal
84%
Slovakia
84%
Sweden
84%
Ukraine
84%
Belarus
81%
Belgium
81%
Liechtenstein
81%
Lithuania
81%
Netherlands
81%
Romania
81%
Scotland
81%
Vatican City
81%
Bulgaria
77%
Czech Republic
77%
Finland
77%
Malta
77%
North Macedonia
77%
Poland
77%
Russia
77%
San Marino
77%
Slovenia
77%
Turkey
77%
Luxembourg
74%
Moldova
74%
Montenegro
74%
Ottoman Empire
74%
Serbia
74%
Switzerland
74%
Monaco
71%
Soviet Union
71%
Yugoslavia
71%
England
68%
Czechoslovakia
65%
Macedon
65%
Prussia
61%
Sardinia
61%
Papal State
58%
Holy Roman Empire
48%
Venice
48%
Corsica
42%
German Democratic Republic
42%
Castile
39%
Aragon
35%
Bavaria
35%
Federal Republic Of Germany
35%
Russian Empire
35%
Saxony
35%
Naples
32%
Wallachia
29%
Bohemia
26%
Polish-Lithuanian Commonwealth
23%
Benelux
19%
First Bulgarian Empire
19%
Granada
19%
Moldavia
19%
Second Bulgarian Empire
19%
Serbia And Montenegro
19%
Serbian Empire
19%
Swedish Empire
19%
Austrian Empire
16%
Denmark-Norway
16%
Savoy
16%
Third Reich
16%
Brandenburg
13%
Burgundy
13%
Two Sicilies
13%
Dutch Republic
6%
Kingdom Of Italy
6%
Kingdom Of Portugal
6%
Moravian Serbia
6%
Polish-Lithuanian-Ruthenian Commonwealth
6%
Roman Republic
6%
Wallonia
6%
Croatian Republic Of Herzeg-Bosnia
3%
Kingdom Of Greece
3%
Kingdom Of Ireland
3%
Kingdom Of Montenegro
3%
Kingdom Of Romania
3%
Kingdom Of Serbia
3%
Salzburg
3%

Score Distribution

Percentile by Number Answered

Percent of People with Each Score

Your Score History

You have not taken this quiz since the last reset